Global embrace : Corporate challenges in a transnational world
Đã lưu trong:
| Príomhúdar: | |
|---|---|
| Formáid: | Leabhar |
| Teanga: | Undetermined |
| Foilsithe: |
New York
Harper Collins
1993
|
| Ábhair: | |
| Clibeanna: |
Cuir Clib Leis
Gan Chlibeanna, Bí ar an gcéad duine leis an taifead seo a chlibeáil!
|
| Thư viện lưu trữ: | Trung tâm Học liệu Trường Đại học Cần Thơ |
|---|
| LEADER | 00556nam a2200205Ia 4500 | ||
|---|---|---|---|
| 001 | CTU_98526 | ||
| 008 | 210402s9999 xx 000 0 und d | ||
| 082 | |a 658.049 | ||
| 082 | |b W473 | ||
| 100 | |a Wendt, Hery | ||
| 245 | 0 | |a Global embrace : | |
| 245 | 0 | |b Corporate challenges in a transnational world | |
| 245 | 0 | |c Hery Wendt | |
| 260 | |a New York | ||
| 260 | |b Harper Collins | ||
| 260 | |c 1993 | ||
| 650 | |a International business enterprises | ||
| 650 | |x Management | ||
| 904 | |i Năm | ||
| 980 | |a Trung tâm Học liệu Trường Đại học Cần Thơ | ||